Funcionalidad familiar de las adolescentes asistentes a controles prenatales en tres intituciones de salud Cartagena- Colombia, 2021 / (Registro nro. 4072)

Detalles MARC
000 -LEADER
fixed length control field 01818nam a2200301 i 4500
005 - DATE AND TIME OF LATEST TRANSACTION
control field 20250329165435.0
007 - PHYSICAL DESCRIPTION FIXED FIELD--GENERAL INFORMATION
fixed length control field ta
008 - FIXED-LENGTH DATA ELEMENTS--GENERAL INFORMATION
fixed length control field 190415s2021 000 0 eng d
040 ## - CATALOGING SOURCE
Original cataloging agency CO-CtgCURN
Language of cataloging spa
Transcribing agency coctgcurn
Description conventions rda
082 0# - DEWEY DECIMAL CLASSIFICATION NUMBER
Classification number ENF 2021
Item number G934
100 1# - MAIN ENTRY--PERSONAL NAME
Personal name Guerrero Mejía, Luzmary,
Relator term author.
Relationship aut
245 10 - TITLE STATEMENT
Title Funcionalidad familiar de las adolescentes asistentes a controles prenatales en tres intituciones de salud Cartagena- Colombia, 2021 /
Statement of responsibility, etc. Luzmary Guerrero Mejía; Jessica Paola Pitalúa Fuentes; Gina Marcela Narváez Lara; Jimara Roja Villarreal; directora: Yolima Manrique Anaya.
260 ## - PUBLICATION, DISTRIBUTION, ETC.
Place of publication, distribution, etc. Cartagena de Indias :
Name of publisher, distributor, etc. Corporación Universitaria Rafael Núñez,
Date of publication, distribution, etc. 2021.
300 ## - PHYSICAL DESCRIPTION
Extent 94 hojas.
336 ## - CONTENT TYPE
Content type term text
Content type code txt
Source rdacontent
337 ## - MEDIA TYPE
Media type term unmediated
Media type code n
Source rdamedia
338 ## - CARRIER TYPE
Carrier type term volume
Carrier type code nc
Source rdacarrier
504 ## - BIBLIOGRAPHY, ETC. NOTE
Bibliography, etc. note Trabajo de grado (Enfermera). Corporación Universitaria Rafael Nuñez. Facultad de Ciencias de la Salud. Programa de Enfermería, 2021.
520 ## - SUMMARY, ETC.
Summary, etc. "El embarazo en la adolescencia tiende a presentar repercusiones personales, sociales, educativas y psicológicas en la madre y en el hijo. Es por ello que el apoyo de la familia y su funcionalidad resultan cruciales, por ejemplo, a la hora de estimular la asistencia a controles prenatales"
650 #0 - SUBJECT ADDED ENTRY--TOPICAL TERM
Topical term or geographic name entry element Enfermería
Form subdivision Tesis y disertaciones academicas.
700 1# - ADDED ENTRY--PERSONAL NAME
Personal name Pitalúa Fuentes, Jessica Paola.
700 1# - ADDED ENTRY--PERSONAL NAME
Personal name Narváez Lara, Gina Marcela.
700 1# - ADDED ENTRY--PERSONAL NAME
Personal name Roja Villarreal, Jimara.
700 1# - ADDED ENTRY--PERSONAL NAME
Personal name Manrique Anaya, Yolima,
Relator term directora.
856 ## - ELECTRONIC LOCATION AND ACCESS
Uniform Resource Identifier <a href="https://unicurn.sharepoint.com/:b:/s/biblioteca/ETRo2t4VWG5CuXbY6Y2lTnABXinyKmegGVL-0BLMJMvMkw?e=I5h4O5">https://unicurn.sharepoint.com/:b:/s/biblioteca/ETRo2t4VWG5CuXbY6Y2lTnABXinyKmegGVL-0BLMJMvMkw?e=I5h4O5</a>
Public note Click aqui para ver el recurso en texto completo
942 ## - ADDED ENTRY ELEMENTS (KOHA)
Source of classification or shelving scheme Dewey Decimal Classification
Koha item type Trabajos de grado
Classification part ENF 2021
Item part G934
Existencias
Withdrawn status Lost status Source of classification or shelving scheme Damaged status Not for loan Collection Home library Current library Shelving location Date acquired Source of acquisition Cost, normal purchase price Total checkouts Full call number Barcode Date last seen Price effective from Koha item type
    Dewey Decimal Classification     Trabajos de grado Miguel Henríquez Emiliani Miguel Henríquez Emiliani Trabajo de grado 06/01/2019 El autor 350000.00   ENF 2021 G934 023663 06/20/2019 06/20/2019 Trabajos de grado